000 01303nam0a22003491 4500
001 v19\rc\1436712
005 20210927184458.0
035 _a(NLR Aleph) 004581263
090 _a2532632
_c2532632
100 _a20060620d1874 |||y0rusy50 ca
101 1 _arus
_cger
102 _aRU
105 _aa z |||||
200 1 _aРуководство к изучению болезней кожи
_fИ.В.
_gПер. с 3-го нем., доп. и испр. изд., под ред. Н.П. Черепнина и Д.Н. Шульговского
205 _a2-е изд.
210 _aСанкт-Петербург
_cтип. и лит. А. Траншеля
_d1874
215 _a[2], II, 508, II с.
_cил.
_d24
320 _aБиблиогр. в введении
700 1 _aНейман
_bИ.
_f1832-1906
_gИсидор
702 0 _aИ. В.
_4570
702 1 _aЧерепнин
_bН. П.
_f1841-1906
_gНиколай Петрович
_4340
702 1 _aШульговский
_bД. Н.
_gДмитрий Николаевич
_4340
801 0 _aRU
_bNLR
_gpsbo
801 0 _aRU
_bRuMoRGB
_2psbo
801 1 _aRU
_bProSoft-M
_2rusmarc
852 _aNLR
_j18.31.9.3
899 _aRuMoRGB
_jD 29/143
899 _aRuMoRGB
_jS 77/312
899 _aRuMoRGB
_jU 134/631
942 _cBOOK
980 _aNB